|
|
|
|
| LEADER |
00000cam a2200000 7i4500 |
| 001 |
0000006041 |
| 005 |
20080918093000.0 |
| 008 |
021119s1981 |
| 090 |
0 |
0 |
|a BP188
|b .A2214
|
| 100 |
0 |
|
|a محمد بن عبد الوهاب ,
|e author
|
| 245 |
1 |
0 |
|a Penyingkap tabir subhat
|c [oleh] Muhammad bin Abdul Wahhab
|f alihbahasa Ja`far Sujarwo, Rahnip M.
|
| 260 |
2 |
|
|a Surabaya :
|b Bina Ilmu ,
|c 1981
|
| 300 |
|
|
|a 64 p. ;
|c 21 cm.
|
| 650 |
|
0 |
|a God (Islam)
|v Early works to 1800
|
| 650 |
|
0 |
|a Islam
|x Doctrines
|v Early works to 1800
|
| 650 |
|
0 |
|a Islam
|x Essence, genius, nature
|
| 999 |
|
|
|a 1000005976
|b Book
|c OPEN SHELF (30 DAYS)
|e Gong Badak Campus
|